[Event "40th Olympiad Women"]
[Site "Istanbul TUR"]
[Date "2012.08.28"]
[Round "1.20"]
[Board "1"]
[White "Samaganova, Alexandra"]
[Black "Nakhbayeva, Guliskhan"]
[Result "0-1"]
[BlackTitle "WIM"]
[WhiteElo "2057"]
[BlackElo "2291"]
[WhiteTeam "Kyrgyzstan"]
[BlackTeam "Kazakhstan"]
[WhiteFideId "13800221"]
[BlackFideId "13704788"]
[EventDate "2012.08.28"]

1. c4 Nf6 2. Nf3 e6 3. e3 b6 4. Be2 Bb7 5. O-O d5 6. b3 Bd6 7. Bb2 O-O 8. d4 c5
9. Ne5 Nc6 10. f4 Ne7 11. Bf3 Ne4 12. Qe2 Nf5 13. Nd2 Qe7 14. Rad1 Rac8 15. Bg4
cxd4 16. exd4 Bb4 17. Nxe4 dxe4 18. Bh3 Rfd8 19. Kh1 Nh4 20. d5 f5 21. dxe6 Qxe6
22. Bd4 Ng6 23. Qh5 Rf8 24. Bb2 Nxe5 25. Bxe5 e3 26. Qe2 Bd2 27. Rxd2 exd2 28.
Qxd2 Be4 29. Qd4 Qg6 30. Re1 Rfd8 31. Qf2 Rd3 32. Re3 Rcd8 33. Kg1 Rxe3 34. Qxe3
Rd3 0-1

[Event "40th Olympiad Women"]
[Site "Istanbul TUR"]
[Date "2012.08.28"]
[Round "1.20"]
[Board "2"]
[White "Sergeyeva, Mariya"]
[Black "Omurbekova, Diana"]
[Result "1-0"]
[WhiteTitle "WGM"]
[WhiteElo "2346"]
[BlackElo "1697"]
[WhiteTeam "Kazakhstan"]
[BlackTeam "Kyrgyzstan"]
[WhiteFideId "13701037"]
[BlackFideId "13800752"]
[EventDate "2012.08.28"]

1. e4 e5 2. Nf3 Nc6 3. Bb5 a6 4. Ba4 Nf6 5. O-O Be7 6. Re1 b5 7. Bb3 d6 8. c3
O-O 9. d4 Bg4 10. d5 Na5 11. Bc2 c6 12. h3 Bh5 13. dxc6 Qc7 14. Nbd2 Nxc6 15.
Nf1 Rac8 16. Ng3 Bg6 17. Nh4 Rfd8 18. Ngf5 d5 19. Nxg6 hxg6 20. Nxe7+ Qxe7 21.
exd5 Nxd5 22. Qg4 Nf6 23. Qf3 b4 24. Bg5 bxc3 25. bxc3 Na5 26. Rab1 Rb8 27. Rxb8
Rxb8 28. Bxg6 fxg6 29. Bxf6 gxf6 30. Qd5+ Qf7 31. Qxa5 Qc4 32. Rd1 Kg7 33. Qa3
Rb7 34. Qd6 Qxa2 35. Rd3 Rb1+ 36. Kh2 Qxf2 37. Qe7+ Kh6 38. Qf8+ Kg5 39. Rg3+
Qxg3+ 40. Kxg3 Rb3 41. h4+ Kf5 42. Qc8+ Ke4 43. Qc4+ Ke3 44. Qxb3 f5 45. Qd5 f4+
46. Kg4 e4 47. c4 1-0

[Event "40th Olympiad Women"]
[Site "Istanbul TUR"]
[Date "2012.08.28"]
[Round "1.20"]
[Board "3"]
[White "Tilenbaev, Baktygul"]
[Black "Dauletova, Gulmira"]
[Result "0-1"]
[BlackTitle "WIM"]
[WhiteElo "1940"]
[BlackElo "2267"]
[WhiteTeam "Kyrgyzstan"]
[BlackTeam "Kazakhstan"]
[WhiteFideId "13800639"]
[BlackFideId "13702971"]
[EventDate "2012.08.28"]

1. e4 c5 2. Nf3 d6 3. d4 cxd4 4. Nxd4 Nf6 5. Bd3 Nc6 6. c3 g6 7. Nd2 Bg7 8. N2f3
O-O 9. O-O Bd7 10. Ne2 b5 11. h3 Rb8 12. Be3 Qc7 13. Qd2 Rfd8 14. Rac1 Na5 15.
b3 Bc6 16. Ng3 Qb7 17. Rfe1 d5 18. e5 Ne4 19. Qe2 Nxg3 20. fxg3 Be8 21. Bf4 Rbc8
22. Nd4 a6 23. h4 Qb6 24. Kh2 b4 25. cxb4 Qxb4 26. Nc2 Qb6 27. Bxa6 Ra8 28. Bd3
Nc6 29. Ra1 f6 30. Ne3 fxe5 31. Nxd5 Rxd5 32. Bc4 Bf7 33. Bxd5 Bxd5 34. Be3 Qb7
35. Rad1 Nb4 36. Rd2 Qc6 37. Red1 e6 38. Qf2 Rf8 39. Qg1 Rc8 40. Rf1 Qa6 41.
Rff2 Nd3 42. Rf1 Qb5 43. Bg5 e4 44. Qa7 Qb7 45. Qe3 Ne5 46. Qe2 h5 47. Rc2 Ra8
48. Bf4 Qb6 49. Rfc1 Ng4+ 50. Kh1 e3 51. Rc5 Qb4 52. Bxe3 Qe4 53. Re1 Nxe3 54.
Rxd5 exd5 55. Qxe3 Qxe3 56. Rxe3 Rxa2 57. Rd3 Ra1+ 58. Kh2 d4 59. b4 Rb1 60. b5
Kf7 61. b6 Ke6 62. b7 Rxb7 63. Kh3 Kf5 64. Rf3+ Ke4 65. Rf4+ Ke5 0-1

[Event "40th Olympiad Women"]
[Site "Istanbul TUR"]
[Date "2012.08.28"]
[Round "1.20"]
[Board "4"]
[White "Saduakassova, Dinara"]
[Black "Alymbay, Kyzy Aizhan"]
[Result "1-0"]
[WhiteTitle "WIM"]
[WhiteElo "2216"]
[BlackElo "1810"]
[WhiteTeam "Kazakhstan"]
[BlackTeam "Kyrgyzstan"]
[WhiteFideId "13700090"]
[BlackFideId "13800043"]
[EventDate "2012.08.28"]

1. d4 d5 2. c4 c6 3. Nf3 a6 4. e3 Nf6 5. b3 e6 6. Bd3 Bd6 7. O-O O-O 8. Nbd2
Nbd7 9. Bb2 Re8 10. Ne5 c5 11. Qc2 h6 12. f4 b6 13. Rf3 Bb7 14. Rg3 Rc8 15. Nxd7
Nxd7 16. dxc5 Bf8 17. cxb6 Nxb6 18. Qc3 e5 19. fxe5 dxc4 20. Nxc4 Nd5 21. Qd4
Rc7 22. Nd6 Ree7 23. Be4 Qa8 24. Nxb7 Qxb7 25. Bxd5 Qc8 26. Bc4 Rcd7 27. Qg4 Qc6
28. Ba3 1-0

[Event "40th Olympiad Women"]
[Site "Istanbul TUR"]
[Date "2012.08.28"]
[Round "1.21"]
[Board "2"]
[White "Blackburn, Suzie G."]
[Black "Nemcova, Katerina"]
[Result "0-1"]
[WhiteTitle "WFM"]
[BlackTitle "WGM"]
[WhiteElo "1967"]
[BlackElo "2276"]
[WhiteTeam "Wales"]
[BlackTeam "Czech Republic"]
[WhiteFideId "414930"]
[BlackFideId "322750"]
[EventDate "2012.08.28"]

1. d4 Nf6 2. Nf3 e6 3. Bg5 h6 4. Bh4 d6 5. c3 Nbd7 6. Nbd2 g5 7. Bg3 Nh5 8. e4
Bg7 9. Bd3 Qe7 10. Qe2 a6 11. Nc4 b6 12. O-O-O Bb7 13. Nfd2 Nxg3 14. hxg3 Rc8
15. Ne3 b5 16. Nb3 c5 17. Na5 cxd4 18. Nxb7 Rc7 19. Bxb5 axb5 20. Qxb5 O-O 21.
Nc4 Rb8 22. Ncxd6 Nc5 23. cxd4 Nxb7+ 24. Nc4 Rbc8 25. b3 Nd6 26. Qa6 Nxc4 27.
bxc4 Rxc4+ 28. Kd2 Rxd4+ 29. Ke3 Rc3+ 0-1

[Event "40th Olympiad Women"]
[Site "Istanbul TUR"]
[Date "2012.08.28"]
[Round "1.21"]
[Board "3"]
[White "Olsarova, Tereza"]
[Black "Roberts, Lynda"]
[Result "1-0"]
[WhiteTitle "WIM"]
[WhiteElo "2241"]
[BlackElo "1914"]
[WhiteTeam "Czech Republic"]
[BlackTeam "Wales"]
[WhiteFideId "325449"]
[BlackFideId "1800191"]
[EventDate "2012.08.28"]

1. e4 c5 2. Nf3 g6 3. d4 cxd4 4. Nxd4 Nc6 5. Nc3 Bg7 6. Nb3 Nf6 7. Be2 d6 8. O-O
O-O 9. Be3 b6 10. f4 Bb7 11. Bf3 Nd7 12. Qe1 Nc5 13. Rd1 Qc8 14. Nd4 Nxd4 15.
Bxd4 Bxd4+ 16. Rxd4 Ne6 17. Rd2 Qc5+ 18. Kh1 Nxf4 19. g3 Ne6 20. Nd5 Rfe8 21.
Bg2 Nd8 22. e5 dxe5 23. Qxe5 Bxd5 24. Bxd5 e6 25. Qe2 Rc8 26. Rf4 Qe7 27. Bg2
Nb7 28. Rfd4 Red8 29. Qa6 Nc5 30. Qc4 Rxd4 31. Qxd4 Qc7 32. c3 e5 33. Qe3 Rd8
34. Bd5 Ne6 35. c4 Nd4 36. Rf2 Rd7 37. Qg5 Ne6 38. Qf6 Qd6 39. Re2 Nc5 40. Bxf7+
Kf8 41. Be6+ Ke8 42. Bxd7+ Qxd7 43. Qxe5+ Kf8 44. Qh8+ Kf7 45. Qxh7+ 1-0

[Event "40th Olympiad Women"]
[Site "Istanbul TUR"]
[Date "2012.08.28"]
[Round "1.21"]
[Board "4"]
[White "Wang, Alyssa"]
[Black "Olsarova, Karolina"]
[Result "0-1"]
[BlackTitle "WIM"]
[WhiteElo "1541"]
[BlackElo "2267"]
[WhiteTeam "Wales"]
[BlackTeam "Czech Republic"]
[WhiteFideId "1802267"]
[BlackFideId "320242"]
[EventDate "2012.08.28"]

1. d4 d5 2. Nf3 Nf6 3. c4 c6 4. Nc3 a6 5. Bg5 dxc4 6. a4 Qa5 7. Bd2 Qb6 8. Qc2
Bg4 9. e3 Nbd7 10. Bxc4 e6 11. Be2 Bd6 12. O-O O-O 13. h3 Bh5 14. Rad1 c5 15.
Bc1 cxd4 16. Nxd4 Bg6 17. Qd2 Bb4 18. Bd3 Nc5 19. Bxg6 hxg6 20. Qc2 Rac8 21.
Nde2 Qa5 22. Rd4 e5 23. Rc4 b5 24. axb5 axb5 25. Nxb5 Qxb5 26. b3 Rcd8 27. Nc3
Bxc3 28. Qxc3 Ne6 29. Bb2 e4 30. b4 Rd3 31. Qc1 Qd5 32. Ba1 Rd8 0-1

[Event "40th Olympiad Women"]
[Site "Istanbul TUR"]
[Date "2012.08.28"]
[Round "1.22"]
[Board "1"]
[White "Antonova, Nadezhda"]
[Black "Reizniece-Ozola, Dana"]
[Result "0-1"]
[WhiteTitle "WFM"]
[BlackTitle "WGM"]
[WhiteElo "1909"]
[BlackElo "2251"]
[WhiteTeam "Tajikistan"]
[BlackTeam "Latvia"]
[WhiteFideId "14700182"]
[BlackFideId "11601124"]
[EventDate "2012.08.28"]

1. d4 Nf6 2. Nc3 d6 3. e4 g6 4. g3 Bg7 5. Bg2 O-O 6. Nge2 c6 7. a4 a5 8. O-O Qc7
9. h3 e5 10. Be3 Na6 11. Qd2 Re8 12. Rad1 Be6 13. g4 Bc4 14. Rfe1 Nb4 15. Ng3
Rad8 16. f4 Nd7 17. Nce2 d5 18. fxe5 dxe4 19. Bg5 f6 20. exf6 Nxf6 21. Bxf6 Bxf6
22. Nxe4 Bg7 23. c3 Nd5 24. Nc1 Nf4 25. Nc5 Bh6 26. Qf2 Ne2+ 0-1

[Event "40th Olympiad Women"]
[Site "Istanbul TUR"]
[Date "2012.08.28"]
[Round "1.22"]
[Board "3"]
[White "Ilhom, Mootribai"]
[Black "Skinke, Katrina"]
[Result "0-1"]
[BlackTitle "WIM"]
[WhiteElo "1705"]
[BlackElo "2226"]
[WhiteTeam "Tajikistan"]
[BlackTeam "Latvia"]
[WhiteFideId "14700204"]
[BlackFideId "11602260"]
[EventDate "2012.08.28"]

1. e4 d6 2. d4 Nf6 3. Nc3 g6 4. g3 Bg7 5. Bg2 O-O 6. Nge2 Nbd7 7. O-O c5 8. d5
Rb8 9. a4 b6 10. Rb1 a6 11. h3 b5 12. axb5 axb5 13. b4 cxb4 14. Rxb4 Qa5 15. Rb2
b4 16. Ra2 Qc7 17. Nb1 Qc4 18. Ra4 Nxe4 19. Na3 Qc7 20. Nb1 Nec5 21. Ra2 Ba6 22.
Bb2 Ne5 23. Nd2 Ra8 24. Ra1 Nf3+ 25. Bxf3 Bxb2 26. Rb1 Na4 27. Re1 Bxe2 28. Qxe2
Nc3 29. Qxe7 Qxe7 30. Rxe7 Nxb1 31. Nxb1 Ra1 32. Re1 Rc8 33. Kg2 Rxc2 34. Be4
Rc1 35. Re2 Rcxb1 0-1

[Event "40th Olympiad Women"]
[Site "Istanbul TUR"]
[Date "2012.08.28"]
[Round "1.22"]
[Board "4"]
[White "Erneste, Inguna"]
[Black "Antonova, Lidiya"]
[Result "1-0"]
[WhiteTitle "WGM"]
[WhiteElo "2203"]
[BlackElo "1762"]
[WhiteTeam "Latvia"]
[BlackTeam "Tajikistan"]
[WhiteFideId "11600241"]
[BlackFideId "14700492"]
[EventDate "2012.08.28"]

1. e4 c5 2. Nf3 d6 3. d4 cxd4 4. Nxd4 Nf6 5. Nc3 a6 6. Be2 e5 7. Nb3 Be7 8. O-O
Be6 9. f4 exf4 10. Bxf4 O-O 11. Kh1 Qc7 12. Nd4 Nbd7 13. a4 Nc5 14. Bf3 Bd7 15.
Qd2 Rac8 16. Rfe1 Ne6 17. Nf5 Bc6 18. Nd5 Bxd5 19. exd5 Nxd5 20. Bxd5 Bf6 21.
Bxd6 Bg5 22. Qd3 Nf4 23. Qg3 Qd8 24. Bxf4 Rxc2 25. Bxg5 Qd7 26. Bf6 g6 27. Nh6# 1-0

[Event "40th Olympiad Women"]
[Site "Istanbul TUR"]
[Date "2012.08.28"]
[Round "1.23"]
[Board "1"]
[White "Porat, Maya"]
[Black "Gjergji, Rozana"]
[Result "1-0"]
[WhiteTitle "WIM"]
[WhiteElo "2295"]
[BlackElo "1924"]
[WhiteTeam "Israel"]
[BlackTeam "Albania"]
[WhiteFideId "2808072"]
[BlackFideId "4700147"]
[EventDate "2012.08.28"]

1. d4 Nf6 2. c4 e6 3. Nc3 d5 4. cxd5 exd5 5. Bg5 Be7 6. e3 c6 7. Qc2 O-O 8. Bd3
Nbd7 9. Nf3 Re8 10. O-O Ne4 11. Bxe4 dxe4 12. Nxe4 f6 13. Bf4 Nf8 14. h3 Ng6 15.
Bh2 Kh8 16. Ng3 Be6 17. Rfe1 Qd7 18. e4 Nf4 19. Qd2 g5 20. Kh1 h5 21. Ne2 Nxg2
22. Rg1 Bxh3 23. Rxg2 Bxg2+ 24. Kxg2 Qg4+ 25. Bg3 h4 26. Rh1 Kg7 27. Nxh4 gxh4
28. Rxh4 Qg5 29. Nf4 Bd6 30. e5 Rad8 31. Qd3 f5 32. Rh5 1-0

[Event "40th Olympiad Women"]
[Site "Istanbul TUR"]
[Date "2012.08.28"]
[Round "1.23"]
[Board "2"]
[White "Pasku, Roela"]
[Black "Klinova, Masha"]
[Result "0-1"]
[WhiteTitle "WFM"]
[BlackTitle "IM"]
[WhiteElo "1915"]
[BlackElo "2317"]
[WhiteTeam "Albania"]
[BlackTeam "Israel"]
[WhiteFideId "4700708"]
[BlackFideId "2802015"]
[EventDate "2012.08.28"]

1. d4 d6 2. c4 e5 3. dxe5 dxe5 4. Qxd8+ Kxd8 5. Nc3 Be6 6. b3 Nd7 7. g3 c6 8.
Nf3 f6 9. Bg2 Ne7 10. Bb2 Kc7 11. O-O Nc8 12. Ne4 a5 13. Nfd2 Be7 14. h4 Rd8 15.
Rfd1 a4 16. Nf3 Ncb6 17. Bc3 Nc5 18. Nxc5 Rxd1+ 19. Rxd1 Bxc5 20. Nxe5 fxe5 21.
Bxe5+ Kc8 22. Bxg7 axb3 23. axb3 Ra2 24. Bf3 Nd7 25. h5 Kc7 26. Kf1 Bh3+ 27. Kg1
Bf5 28. Ra1 Rxa1+ 29. Bxa1 Bc2 30. h6 Kd6 31. Bg4 Ke7 32. Kg2 Bxb3 33. Bf5 Nf8
34. Bd3 Kf7 35. f4 Ng6 36. Kf3 Bf8 37. Ke3 Bxh6 38. Kd2 Ba4 39. Bd4 Bg7 40. Kc3
c5 41. Bxg7 Kxg7 42. e4 Bd7 43. Be2 Kf6 44. Kd2 h6 45. Ke3 Ne7 46. g4 Nc6 47.
Bf3 b6 48. Kd3 Nd4 49. Bd1 Bc6 50. e5+ Ke6 51. g5 hxg5 52. Bg4+ Nf5 53. fxg5
Kxe5 54. g6 Be4+ 55. Kc3 Ng7 56. Kb3 Bxg6 57. Bd7 Ne6 58. Kc3 Bf7 59. Bc6 Ng5
60. Kd3 Bg6+ 61. Ke3 Ne4 62. Bb5 Nd6 63. Ba6 Bf5 0-1

[Event "40th Olympiad Women"]
[Site "Istanbul TUR"]
[Date "2012.08.28"]
[Round "1.23"]
[Board "3"]
[White "Borsuk, Angela"]
[Black "Tuzi, Bruna"]
[Result "1-0"]
[WhiteTitle "IM"]
[WhiteElo "2266"]
[BlackElo "1546"]
[WhiteTeam "Israel"]
[BlackTeam "Albania"]
[WhiteFideId "2806452"]
[BlackFideId "4701100"]
[EventDate "2012.08.28"]

1. d4 d5 2. Nf3 Nf6 3. e3 e6 4. Nbd2 Be7 5. b3 O-O 6. Bd3 b6 7. c4 c5 8. Bb2
Nbd7 9. O-O Bb7 10. Rc1 Rc8 11. Qe2 Ne4 12. Rfd1 cxd4 13. exd4 Nxd2 14. Nxd2 Nf6
15. h3 Bd6 16. Rc2 Qe7 17. Re1 Rfd8 18. Qe3 Bb4 19. Rf1 a5 20. Nb1 a4 21. Nc3
axb3 22. axb3 Ra8 23. Nb5 Bc6 24. Nc3 Ra5 25. Ne2 Rda8 26. Rfc1 g6 27. Qh6 Ba3
28. Bxa3 Rxa3 29. cxd5 Bxd5 30. Rc8+ Ne8 31. Bb5 R3a5 32. Bxe8 Qf8 33. Bxf7+ 1-0

[Event "40th Olympiad Women"]
[Site "Istanbul TUR"]
[Date "2012.08.28"]
[Round "1.23"]
[Board "4 vic"]
[White "Driza, Arta"]
[Black "Shvayger, Yuliya"]
[Result "0-1"]
[WhiteTitle "WCM"]
[BlackTitle "WFM"]
[WhiteElo "1943"]
[BlackElo "2202"]
[WhiteTeam "Albania"]
[BlackTeam "Israel"]
[WhiteFideId "4700694"]
[BlackFideId "14100126"]
[EventDate "2012.08.28"]

1. e4 c5 2. Nf3 d6 3. d4 cxd4 4. Nxd4 Nf6 5. Nc3 a6 6. Bg5 e6 7. f4 h6 8. Bh4
Qb6 9. b3 Nbd7 10. Bf2 d5 11. e5 Qa5 12. Qf3 Ne4 13. Ne2 Nxf2 14. Kxf2 Bc5+ 15.
Kg3 O-O 16. a3 f6 17. exf6 Nxf6 18. Qd3 Qc7 19. Nd4 Nh5+ 20. Kh3 Nxf4+ 0-1

[Event "40th Olympiad Women"]
[Site "Istanbul TUR"]
[Date "2012.08.28"]
[Round "1.25"]
[Board "1"]
[White "Vazquez Maccarini, Danitza"]
[Black "Mamedjarova, Zeinab"]
[Result "0-1"]
[WhiteTitle "WFM"]
[BlackTitle "WGM"]
[WhiteElo "1916"]
[BlackElo "2285"]
[WhiteTeam "Puerto Rico"]
[BlackTeam "Azerbaijan"]
[WhiteFideId "3101193"]
[BlackFideId "13401521"]
[EventDate "2012.08.28"]

1. e4 e5 2. Nf3 d6 3. d4 exd4 4. Nxd4 Nf6 5. Nc3 Be7 6. Bc4 O-O 7. O-O c6 8. a4
Re8 9. Re1 Bf8 10. Bg5 Nbd7 11. Qb1 Ne5 12. Bb3 c5 13. Bxf6 Qxf6 14. Nd5 Qh4 15.
f3 cxd4 16. Nc7 Nxf3+ 17. gxf3 Bh3 18. Re2 d3 19. cxd3 d5 20. Qe1 Qh5 21. Qf2
Re5 22. f4 Qg4+ 23. Kh1 Bc5 24. Rg1 Qh5 25. Re3 Bxe3 26. Qxe3 Ree8 27. Nxa8 Rxa8
28. Bxd5 Bg4 29. e5 Rc8 30. Bxb7 Rc2 31. Bg2 g6 32. b4 a6 33. b5 axb5 34. axb5
Bd7 35. b6 Bc6 36. d4 Bd5 37. e6 fxe6 38. b7 Rb2 39. Qc1 Rxb7 40. Bxd5 Qxd5+ 41.
Rg2 Qe4 42. Qc8+ Kg7 43. h3 Rb2 44. Qc7+ Kh6 0-1

[Event "40th Olympiad Women"]
[Site "Istanbul TUR"]
[Date "2012.08.28"]
[Round "1.25"]
[Board "2"]
[White "Mammadova, Gulnar"]
[Black "Comas Colon, Rinelly"]
[Result "1-0"]
[WhiteTitle "WGM"]
[BlackTitle "WFM"]
[WhiteElo "2324"]
[BlackElo "1810"]
[WhiteTeam "Azerbaijan"]
[BlackTeam "Puerto Rico"]
[WhiteFideId "13403508"]
[BlackFideId "3101576"]
[EventDate "2012.08.28"]

1. e4 g6 2. d4 Bg7 3. Nc3 d6 4. Be3 Nf6 5. f3 Nbd7 6. Qd2 O-O 7. Bd3 e5 8. Nge2
c6 9. a4 a5 10. O-O Nb6 11. Rad1 Bd7 12. b3 Qc7 13. h3 Rfe8 14. f4 exd4 15. Nxd4
c5 16. Ndb5 Qc6 17. Bf2 Rad8 18. Be2 Nc8 19. Bf3 Qb6 20. Bh4 Bxb5 21. axb5 Rd7
22. Bxf6 Bxf6 23. Nd5 Bd4+ 24. Qxd4 1-0

[Event "40th Olympiad Women"]
[Site "Istanbul TUR"]
[Date "2012.08.28"]
[Round "1.25"]
[Board "4"]
[White "Isgandarova, Khayala"]
[Black "Alvarez Orta, Jo Ann"]
[Result "1-0"]
[WhiteTitle "WIM"]
[BlackTitle "WFM"]
[WhiteElo "2205"]
[BlackElo "1753"]
[WhiteTeam "Azerbaijan"]
[BlackTeam "Puerto Rico"]
[WhiteFideId "13401823"]
[BlackFideId "3100979"]
[EventDate "2012.08.28"]

1. e4 c5 2. Nc3 Nc6 3. g3 g6 4. d3 Bg7 5. Be3 d6 6. Bg2 Rb8 7. Qd2 b5 8. h3 e6
9. Nge2 b4 10. Nd1 Nd4 11. O-O Ne7 12. Nc1 O-O 13. c3 bxc3 14. bxc3 Nb5 15. a4
Nc7 16. Bh6 Nc6 17. Bxg7 Kxg7 18. Ne3 Na5 19. Rd1 Kg8 20. d4 Qe7 21. dxc5 dxc5
22. e5 c4 23. Ng4 Ne8 24. Qf4 Bb7 25. Nf6+ Kg7 26. Rd7 Qc5 27. Bxb7 Rxb7 28.
Nxe8+ 1-0

[Event "40th Olympiad Women"]
[Site "Istanbul TUR"]
[Date "2012.08.28"]
[Round "1.26"]
[Board "1"]
[White "Pham, Le Thao Nguyen"]
[Black "Gedvilaite, Monika"]
[Result "1-0"]
[WhiteTitle "WGM"]
[WhiteElo "2393"]
[BlackElo "1985"]
[WhiteTeam "Vietnam"]
[BlackTeam "Ireland"]
[WhiteFideId "12401226"]
[BlackFideId "12809780"]
[EventDate "2012.08.28"]

1. Nf3 Nf6 2. c4 g6 3. g3 Bg7 4. Bg2 d6 5. Nc3 O-O 6. O-O Nbd7 7. Rb1 a5 8. a3
Nb6 9. d3 Bd7 10. Be3 c6 11. h3 Nc8 12. Qd2 Re8 13. Rfc1 e5 14. Bg5 Qc7 15. e4
Be6 16. Kh2 Nd7 17. b4 axb4 18. axb4 Ncb6 19. Nd5 Qb8 20. Nxb6 Nxb6 21. Be3 Nd7
22. d4 d5 23. cxd5 cxd5 24. Ng5 exd4 25. Bxd4 Bh6 26. Be3 Bxg5 27. Bxg5 dxe4 28.
Bf4 Qa7 29. Bxe4 Nf6 30. Bg2 Rad8 31. Qb2 Nh5 32. Be3 Qb8 33. Bb6 Rd7 34. Rd1
Rc8 35. Ra1 Rxd1 36. Rxd1 Ng7 37. Qf6 Nf5 38. Be4 Nd6 39. Bd4 Kf8 40. Be5 Nxe4
41. Qg7+ Ke7 42. Bxb8 Rxb8 43. Qe5 1-0

[Event "40th Olympiad Women"]
[Site "Istanbul TUR"]
[Date "2012.08.28"]
[Round "1.26"]
[Board "2"]
[White "Lowry-O'Reilly, Hannah"]
[Black "Nguyen, Thi Mai Hung"]
[Result "0-1"]
[WhiteTitle "WFM"]
[BlackTitle "WIM"]
[WhiteElo "1818"]
[BlackElo "2212"]
[WhiteTeam "Ireland"]
[BlackTeam "Vietnam"]
[WhiteFideId "2501597"]
[BlackFideId "12401676"]
[EventDate "2012.08.28"]

1. d4 d5 2. Nf3 Nf6 3. e3 c5 4. c3 e6 5. Bd3 Nbd7 6. O-O b6 7. Nbd2 Bb7 8. b3
Bd6 9. Re1 Ne4 10. Bb2 O-O 11. Qe2 Rc8 12. Rac1 f5 13. Ba6 Qc7 14. h3 e5 15.
Bxb7 Qxb7 16. c4 Nxd2 17. Nxd2 cxd4 18. exd4 e4 19. f3 Nf6 20. fxe4 Nxe4 21.
Nxe4 dxe4 22. d5 Rce8 23. Bd4 Qe7 24. Qf2 Qg5 25. Be3 f4 26. Bd4 Bb4 27. Bc3 Bc5
28. Bd4 e3 29. Qb2 f3 30. Kh1 Bxd4 31. Qxd4 Qxg2# 0-1

[Event "40th Olympiad Women"]
[Site "Istanbul TUR"]
[Date "2012.08.28"]
[Round "1.26"]
[Board "4"]
[White "Hearne, Sarah-Jane"]
[Black "Hoang, Thi Nhu Y"]
[Result "0-1"]
[WhiteTitle "WCM"]
[BlackTitle "WIM"]
[WhiteElo "1565"]
[BlackElo "2228"]
[WhiteTeam "Ireland"]
[BlackTeam "Vietnam"]
[WhiteFideId "2503018"]
[BlackFideId "12401455"]
[EventDate "2012.08.28"]

1. e4 c6 2. d4 d5 3. e5 g6 4. Bd3 c5 5. c3 Nc6 6. Ne2 Nh6 7. dxc5 Nxe5 8. Bb5+
Nc6 9. Nd4 Qc7 10. Qf3 Qe5+ 11. Be3 Bd7 12. O-O Nf5 13. Nxf5 Qxf5 14. Qe2 Bg7
15. Re1 O-O 16. Bd3 Qf6 17. Qd2 e5 18. Bg5 Qe6 19. Na3 a6 20. Nc2 f6 21. Bf4 Qf7
22. Bg3 Be6 23. Qe3 Rad8 24. a3 f5 25. f4 e4 26. Bf1 d4 27. cxd4 Nxd4 28. Bf2
Nxc2 0-1

[Event "40th Olympiad Women"]
[Site "Istanbul TUR"]
[Date "2012.08.28"]
[Round "1.27"]
[Board "3"]
[White "Chandrasiri, S A K"]
[Black "Fernandez, Maria Florencia"]
[Result "1/2-1/2"]
[WhiteElo "1731"]
[BlackElo "2160"]
[WhiteTeam "Sri Lanka"]
[BlackTeam "Argentina"]
[WhiteFideId "9905049"]
[BlackFideId "116459"]
[EventDate "2012.08.28"]

1. d4 Nf6 2. c4 g6 3. Nc3 Bg7 4. e4 d6 5. Nf3 O-O 6. Be2 e5 7. dxe5 dxe5 8. Qxd8
Rxd8 9. Nd5 Nxd5 10. cxd5 c6 11. Bc4 h6 12. Be3 cxd5 13. Bxd5 Nc6 14. Bxc6 bxc6
15. O-O f5 16. exf5 gxf5 17. Rfd1 Be6 18. a3 Rd5 19. Rac1 f4 20. Rxd5 cxd5 21.
Bc5 Rc8 22. b4 e4 23. Re1 Bc3 24. Re2 Bg4 25. Rc2 Bxb4 26. axb4 exf3 27. h3 Bh5
28. Rd2 fxg2 29. Kxg2 a5 30. Rxd5 Bf7 31. Rf5 a4 32. b5 Bg6 33. Re5 Rb8 34. Bd6
Rb7 35. Kf3 Bd3 36. Re8+ Kf7 37. Rb8 Rxb8 38. Bxb8 Bxb5 39. Bxf4 a3 40. Be5 Kg6
41. Kf4 Kh5 42. Bf6 Kg6 43. Be5 a2 44. Bc3 Bd3 45. Bd4 Kh5 46. Bf6 1/2-1/2

[Event "40th Olympiad Women"]
[Site "Istanbul TUR"]
[Date "2012.08.28"]
[Round "1.28"]
[Board "1"]
[White "Franciskovic, Borka"]
[Black "Al-Rufaye, Iman Hasan Mohammed"]
[Result "1/2-1/2"]
[WhiteTitle "WIM"]
[BlackTitle "WIM"]
[WhiteElo "2258"]
[BlackElo "2171"]
[WhiteTeam "Croatia"]
[BlackTeam "Iraq"]
[WhiteFideId "14507943"]
[BlackFideId "4801067"]
[EventDate "2012.08.28"]

1. c4 c5 2. Nf3 Nf6 3. Nc3 Nc6 4. g3 g6 5. Bg2 Bg7 6. O-O O-O 7. d4 cxd4 8. Nxd4
a6 9. c5 Qc7 10. Nb3 Rd8 11. Bf4 d6 12. cxd6 exd6 13. Rc1 Qe7 14. Na4 Bg4 15.
Re1 Nh5 16. Be3 Rab8 17. Qd2 Ne5 18. Nb6 Be6 19. Nd5 Bxd5 20. Bxd5 Nf6 21. Bb6
Rdc8 22. Na5 Nxd5 23. Qxd5 Rxc1 24. Rxc1 Nc6 25. Nxc6 bxc6 26. Rxc6 Qxe2 27.
Rxd6 Bxb2 28. Be3 Qb5 29. Qd2 Be5 30. Rd3 Qb1+ 31. Kg2 Qb7+ 32. Kg1 Qb1+ 33. Kg2
Qb7+ 34. Kg1 Qb1+ 1/2-1/2

[Event "40th Olympiad Women"]
[Site "Istanbul TUR"]
[Date "2012.08.28"]
[Round "1.28"]
[Board "2"]
[White "Jalaluldeen, Kareen Kamal J."]
[Black "Golubenko, Valentina"]
[Result "0-1"]
[WhiteTitle "WFM"]
[BlackTitle "WGM"]
[WhiteElo "1779"]
[BlackElo "2297"]
[WhiteTeam "Iraq"]
[BlackTeam "Croatia"]
[WhiteFideId "4801776"]
[BlackFideId "4501993"]
[EventDate "2012.08.28"]

1. d4 Nf6 2. c4 g6 3. Nc3 c5 4. e3 Bg7 5. Nf3 O-O 6. Be2 cxd4 7. exd4 d5 8. O-O
Nc6 9. Be3 Bg4 10. h3 Bxf3 11. Bxf3 dxc4 12. Bxc6 bxc6 13. Qa4 Nd5 14. Qxc4 e5
15. Rfd1 Nxe3 16. fxe3 Qg5 17. Qe2 exd4 18. exd4 Rfe8 19. Qf3 Rad8 20. Qxc6
Bxd4+ 21. Kh1 Rc8 22. Qf3 Bxc3 23. bxc3 Re3 24. Qb7 Rcxc3 25. Qb8+ Kg7 26. Qb2
Qe5 27. Qf2 Rxh3+ 28. gxh3 Rxh3+ 29. Kg1 Qg5+ 30. Kf1 Rh1+ 31. Ke2 Qh5+ 32. Kd3
Rxd1+ 33. Rxd1 Qxd1+ 34. Ke4 Qg4+ 0-1